[Event "DRUZYNOWE MISTRZOSTWA POLSKI - II LIGA 2018"]
[Site "Jastrzebia Gora"]
[Date "1899-12-30"]
[Round "7.16"]
[White "Puczylowski, Marcin"]
[Black "Kolasinski, Krzysztof"]
[Result "1/2-1/2"]
[WhiteTitle "k"]
[BlackTitle "I++"]
[WhiteElo "2110"]
[BlackElo "2118"]

1. d4 Nf6 2. c4 e6 3. Nf3 d5 4. g3 Bb4+ 5. Bd2 Be7 6. Bg2 O-O 7. O-O c6 8. Qc2
Nbd7 9. Bf4 b6 10. Nc3 Bb7 11. Rfd1 dxc4 12. Nd2 Nd5 13. Nxc4 Nxf4 14. gxf4 Qc7
15. e3 Rad8 16. Rac1 c5 17. d5 exd5 18. Nxd5 Bxd5 19. Rxd5 b5 20. Ne5 Nxe5 21.
Rxe5 Bd6 22. Rd5 Be7 23. Re5 Bd6 24. Rd5 Be7 25. Re5 Bd6 26. Rd5 Be7 1/2-1/2

[Event "DRUZYNOWE MISTRZOSTWA POLSKI - II LIGA 2018"]
[Site "Jastrzebia Gora"]
[Date "1899-12-30"]
[Round "7.17"]
[White "Fiedorek, Michal"]
[Black "Zurkowski, Andrzej"]
[Result "0-1"]
[WhiteTitle "I"]
[BlackTitle "k+"]
[WhiteElo "2186"]
[BlackElo "2048"]

1. e4 c5 2. Nf3 e6 3. d4 cxd4 4. Nxd4 Nf6 5. Nc3 Bb4 6. e5 Nd5 7. Bd2 Nxc3 8. bxc3
Be7 9. Qg4 g6 10. Bd3 Nc6 11. Nxc6 dxc6 12. O-O Qc7 13. Rfe1 Bd7 14. Bg5 Bxg5
15. Qxg5 Qd8 16. Qe3 Qb6 17. Qg5 Qd8 18. Qf4 Qe7 19. Rab1 b6 20. Be4 O-O 21. Re3
f6 22. exf6 Qxf6 23. Qxf6 Rxf6 24. Rd1 Be8 25. Rd6 Rc8 26. Bd3 Kf8 27. Rdxe6 Rxe6
28. Rxe6 Bf7 29. Rf6 Kg7 30. Rd6 Rc7 31. a3 c5 32. f3 c4 33. Be4 Rc5 34. Rd7 Ra5
35. a4 Kf6 36. Rd6+ Ke7 37. Rd4 Rxa4 38. Bc6 Ra3 39. Kf2 Rxc3 40. Rd2 Be6 41.
g4 a6 42. Be4 b5 43. Rd1 b4 44. Kg3 a5 45. Rb1 b3 46. cxb3 cxb3 47. Ra1 Rc5 48.
Bd3 Bd7 49. h4 a4 50. Kf4 Rc3 51. Be4 b2 52. Re1 Kd6 53. Rd1+ Kc7 54. Rd5 Bc6
0-1

[Event "DRUZYNOWE MISTRZOSTWA POLSKI - II LIGA 2018"]
[Site "Jastrzebia Gora"]
[Date "1899-12-30"]
[Round "7.18"]
[White "Kasperek, Joanna"]
[Black "Dmochowska, Agnieszka"]
[Result "0-1"]
[WhiteTitle "k++"]
[BlackTitle "WCM"]
[WhiteElo "2051"]
[BlackElo "2125"]

1. e4 e6 2. d4 d5 3. Nc3 Nf6 4. Bg5 dxe4 5. Nxe4 Be7 6. Nxf6+ Bxf6 7. Bxf6 Qxf6
8. c3 O-O 9. Nf3 b6 10. Qc2 Bb7 11. Bd3 Bxf3 12. gxf3 Qh6 13. f4 Nd7 14. O-O-O
Qxf4+ 15. Kb1 Nf6 16. Rhg1 c5 17. Rg3 Kh8 18. Rdg1 cxd4 19. Rh3 h6 20. Rgg3 dxc3
21. bxc3 Rad8 22. Rf3 Qg5 23. Rfg3 Qf4 24. Rf3 Qe5 25. Qc1 h5 26. Re3 Qf4 27.
Qd1 Kg8 28. Qg1 h4 29. Rhf3 Qh6 30. Kb2 Rd5 31. Bc4 Rf5 32. Rh3 Rc8 33. Bb3 Rd8
34. Qe1 Rc5 35. f4 Rh5 36. f5 Rxf5 37. Rxh4 Rh5 38. Rxh5 Qxh5 39. h3 Qg5 40. Bc2
Qb5+ 41. Bb3 Qg5 42. Bc2 Nd5 43. Rg3 Qh6 44. Qe5 Rc8 45. Qe4 f5 46. Qd4 Qf6 47.
Bxf5 exf5 48. Qxd5+ Qf7 49. Qd4 Re8 50. c4 a6 51. a4 Qe7 52. Kb3 Qe5 53. Qxe5
Rxe5 54. Rf3 Kf7 55. Kc3 Ke6 56. h4 Kf6 57. h5 Re4 58. Rg3 Rg4 59. Rd3 Ke5 60.
Re3+ Kd6 61. Rh3 Kc5 62. Kb3 Rxc4 63. h6 gxh6 64. Rxh6 Rb4+ 65. Ka3 a5 66. Rh5
Rf4 67. Kb3 Rf3+ 68. Kb2 Kb4 69. Rh6 Rb3+ 70. Kc2 Kxa4 71. Rf6 Rb5 72. Kc3 Ka3
73. Kc2 a4 74. Rh6 f4 75. Rh4 Rb4 76. Rh1 Rb2+ 77. Kc3 Rb3+ 78. Kc4 b5+ 79. Kc5
Kb2 80. Rh2+ Kb1 81. Rh1+ Kc2 82. Rf1 f3 83. Kd4 Kd2 0-1

[Event "DRUZYNOWE MISTRZOSTWA POLSKI - II LIGA 2018"]
[Site "Jastrzebia Gora"]
[Date "1899-12-30"]
[Round "7.19"]
[White "Barglowski, Filip"]
[Black "Janaszak, Dawid"]
[Result "1/2-1/2"]
[WhiteTitle "FM"]
[BlackTitle "FM"]
[WhiteElo "2311"]
[BlackElo "2362"]

1. e4 c5 2. Nf3 g6 3. d4 cxd4 4. Nxd4 Nc6 5. c4 Nf6 6. Nc3 Nxd4 7. Qxd4 d6 8. Be2
Bg7 9. Be3 O-O 10. Qd2 a5 11. O-O a4 12. f3 Qa5 13. Rfd1 Be6 14. Rac1 Rfc8 15.
Nb5 Nd7 16. Nd4 Nc5 17. Nxe6 Qxd2 18. Rxd2 fxe6 19. Bd1 Kf7 20. Rb1 Ra6 21. Kf1
h5 22. h4 Bf6 23. g3 Ra5 24. Bxc5 Rcxc5 25. b4 axb3 26. Rxb3 Ra7 27. Rb5 Rxc4
28. Bb3 Rc5 29. Rxc5 dxc5 30. Rd7 Ra3 31. Rxb7 c4 32. Bxc4 Rxf3+ 33. Kg2 Re3 34.
Rb3 Rxe4 35. Bb5 1/2-1/2

[Event "DRUZYNOWE MISTRZOSTWA POLSKI - II LIGA 2018"]
[Site "Jastrzebia Gora"]
[Date "1899-12-30"]
[Round "7.20"]
[White "Dudzinski, Piotr"]
[Black "Winiarski, Mikolaj"]
[Result "1-0"]
[WhiteTitle "FM"]
[BlackTitle "FM"]
[WhiteElo "2304"]
[BlackElo "2211"]

1. e4 e6 2. d4 d5 3. exd5 exd5 4. Nf3 Bd6 5. Bd3 Bg4 6. O-O Ne7 7. Re1 Nbc6 8.
c3 Qd7 9. Nbd2 O-O-O 10. b4 Ng6 11. Qa4 Kb8 12. b5 Nce7 13. Ne5 Bxe5 14. dxe5
Nc8 15. Nb3 Nb6 16. Qd4 Bf5 17. Nc5 Qc8 18. Bf1 Nf8 19. Be3 Ne6 20. Nxe6 fxe6
21. a4 Qd7 22. a5 Nc8 23. b6 cxb6 24. axb6 a6 25. Bxa6 bxa6 26. Rxa6 Kb7 27. Qb4
Bd3 28. Ra5 Rhe8 29. Rea1 d4 30. Bxd4 Qc6 31. Qa3 Nxb6 32. Ra7+ Kb8 33. Qb4 Bb5
34. Bxb6 Qxb6 35. R7a5 Rd5 36. c4 Rxe5 37. cxb5 Kb7 38. Ra7+ Kc8 39. Ra8+ 1-0

[Event "DRUZYNOWE MISTRZOSTWA POLSKI - II LIGA 2018"]
[Site "Jastrzebia Gora"]
[Date "1899-12-30"]
[Round "7.21"]
[White "Kokoszczynski, Jan"]
[Black "Dudzinski, Pawel"]
[Result "1-0"]
[WhiteTitle "k"]
[BlackTitle "FM"]
[WhiteElo "2246"]
[BlackElo "2217"]

1. d4 f5 2. c4 Nf6 3. Nc3 d6 4. Nf3 g6 5. g3 Bg7 6. Bg2 O-O 7. O-O Qe8 8. d5 a5
9. Nd4 Na6 10. b3 Bd7 11. Bb2 c6 12. a3 Nc5 13. b4 Nce4 14. Nxe4 Nxe4 15. Qc2
Qf7 16. f3 Nf6 17. e4 f4 18. Ne2 cxd5 19. exd5 fxg3 20. hxg3 Nh5 21. Qd2 Rfc8
22. Bxg7 Nxg7 23. Rac1 axb4 24. axb4 Ra3 25. Nd4 Nf5 26. Nxf5 Bxf5 27. Rfe1 Rc7
28. g4 Bc8 29. c5 dxc5 30. bxc5 Rxf3 31. d6 exd6 32. cxd6 Rxc1 33. Qxc1 Bxg4 34.
Qg5 Qf4 35. Qd5+ Kf8 36. d7 Bxd7 37. Qxd7 Qf7 38. Qd8+ Kg7 39. Re7 Rf5 40. Rxf7+
Rxf7 41. Qd4+ Kh6 42. Bd5 Rf5 43. Bxb7 Kh5 44. Be4 Rf4 45. Bxg6+ Kg5 46. Qe5+
1-0

[Event "DRUZYNOWE MISTRZOSTWA POLSKI - II LIGA 2018"]
[Site "Jastrzebia Gora"]
[Date "1899-12-30"]
[Round "7.22"]
[White "Zareba, Radoslaw"]
[Black "Sanz Wawer, Daniel"]
[Result "1/2-1/2"]
[WhiteTitle "I+"]
[BlackTitle "k"]
[WhiteElo "2110"]
[BlackElo "2166"]

1. b3 Nf6 2. Bb2 d5 3. e3 e6 4. f4 c5 5. Nf3 Nc6 6. Bb5 Bd6 7. O-O O-O 8. Bxc6
bxc6 9. d3 Qe7 10. Ne5 Bb7 11. Nd2 Nd7 12. Nxd7 Qxd7 13. Qh5 f6 14. Rf3 Rae8 15.
Raf1 Bc8 16. Rg3 Qe7 17. Nf3 e5 18. fxe5 fxe5 19. Rg5 d4 20. e4 Qf7 21. Bc1 Qxh5
22. Rxh5 h6 23. h3 Rf6 24. Nh4 Rxf1+ 25. Kxf1 Rf8+ 26. Ke2 Rf6 27. Nf5 Bf8 28.
g4 Rf7 29. Nh4 Bd6 30. Nf5 Bf8 31. Nh4 Bd6 32. Nf5 Bf8 1/2-1/2

[Event "DRUZYNOWE MISTRZOSTWA POLSKI - II LIGA 2018"]
[Site "Jastrzebia Gora"]
[Date "1899-12-30"]
[Round "7.23"]
[White "Rozycki, Bartlomiej"]
[Black "Chmielarz, Maciej"]
[Result "1/2-1/2"]
[WhiteTitle "k++"]
[BlackTitle "I+"]
[WhiteElo "2145"]
[BlackElo "1946"]

1. e4 c6 2. d4 d5 3. exd5 cxd5 4. Bd3 Nc6 5. c3 Nf6 6. h3 g6 7. Bf4 Bg7 8. Nf3
O-O 9. O-O Bf5 10. Bxf5 gxf5 11. Ne1 Kh8 12. Nd3 e6 13. Nd2 Ne4 14. Re1 Nxd2 15.
Qxd2 Rg8 16. Kh2 Bf6 17. Qe2 Rg7 18. Qh5 Bg5 19. Bxg5 Qxg5 20. Qxg5 Rxg5 21. f3
Rag8 22. Re2 Rc8 23. Rc1 Rgg8 24. Rd2 Rc7 25. Nf4 Na5 26. Re2 Rgc8 27. g4 fxg4
28. hxg4 b5 29. a3 Nb3 30. Rh1 Kg7 31. Kg3 a5 32. Reh2 Rh8 33. Nd3 Rb7 34. g5
b4 35. axb4 axb4 36. Nxb4 Nxd4 37. Kf4 Nb3 38. Ke3 d4+ 39. Kd3 dxc3 40. bxc3 Nc5+
41. Ke4 1/2-1/2

[Event "DRUZYNOWE MISTRZOSTWA POLSKI - II LIGA 2018"]
[Site "Jastrzebia Gora"]
[Date "1899-12-30"]
[Round "7.24"]
[White "Czerwinska, Milena"]
[Black "Marcinczyk, Monika"]
[Result "1/2-1/2"]
[WhiteTitle "WFM"]
[BlackTitle "WCM"]
[WhiteElo "2028"]
[BlackElo "1865"]

1. e4 c5 2. Nf3 Nc6 3. d4 cxd4 4. Nxd4 g6 5. Nc3 Bg7 6. Be3 Nf6 7. f3 O-O 8. Qd2
d5 9. exd5 Nxd5 10. Nxd5 Qxd5 11. Nxc6 Qxc6 12. c3 Be6 13. Be2 Rfd8 14. Qc1 Qa4
15. O-O Rd7 16. Rd1 Rad8 17. Rxd7 Rxd7 18. Qf1 a6 19. Bd1 Qc6 20. Qe1 Qb5 21.
Qe2 Bc4 22. Qc2 Rd3 23. Bf2 Qd7 24. Be1 Qe6 25. Bf2 Bh6 26. b3 Re3 27. Qd2 Bd5
28. Kf1 f5 29. Bxe3 Bxe3 30. Qd3 Qe5 31. g3 f4 32. Kg2 e6 33. Be2 g5 34. Rf1 g4
35. c4 Qh5 36. h4 gxh3+ 37. Kh2 fxg3+ 38. Kxg3 Qg5+ 39. Kxh3 Qh5+ 40. Kg2 Qg4+
41. Kh3 Qg5 1/2-1/2

[Event "DRUZYNOWE MISTRZOSTWA POLSKI - II LIGA 2018"]
[Site "Jastrzebia Gora"]
[Date "1899-12-30"]
[Round "7.25"]
[White "Szadkowski, Kamil"]
[Black "Molenda, Marcin"]
[Result "0-1"]
[WhiteTitle "FM"]
[BlackTitle "FM"]
[WhiteElo "2277"]
[BlackElo "2372"]

1. e4 c5 2. Nf3 e6 3. d4 cxd4 4. Nxd4 Nc6 5. Nc3 Qc7 6. Be3 a6 7. Qd2 Nf6 8. O-O-O
Bb4 9. f3 Ne5 10. Nb3 b5 11. Qe1 Be7 12. f4 Ng6 13. e5 Ng4 14. h3 Nxe3 15. Qxe3
Bb7 16. Rh2 O-O 17. g3 d6 18. Rhd2 dxe5 19. Rd7 Qc8 20. Na5 exf4 21. gxf4 Rb8
22. f5 Bc5 23. Qg3 exf5 24. Rc7 Be3+ 25. Kb1 f4 26. Rxc8 fxg3 27. Rxb8 Rxb8 28.
Nxb7 Rxb7 29. Rd8+ Nf8 30. a4 g6 31. axb5 axb5 32. Ne4 Bf4 33. Rd3 Re7 34. Bg2
Bc7 35. Ka2 Ne6 36. Nf6+ Kg7 37. Nd5 Rd7 38. Nxc7 Rxc7 39. c3 Nf4 40. Rxg3 Nxg2
41. Rxg2 f5 42. Kb3 f4 43. Kb4 f3 44. Rf2 Rf7 45. Kxb5 g5 46. Kc4 h5 47. Kd3 g4
48. hxg4 hxg4 49. Ke3 Kg6 50. Rh2 g3 51. Rh3 f2 52. Rxg3+ Kh7 53. Rh3+ Kg8 54.
Rh1 f1=Q 55. Rxf1 Rxf1 56. Kd4 0-1

[Event "DRUZYNOWE MISTRZOSTWA POLSKI - II LIGA 2018"]
[Site "Jastrzebia Gora"]
[Date "1899-12-30"]
[Round "7.26"]
[White "Czerw, Dawid"]
[Black "Snihur, Piotr"]
[Result "0-1"]
[WhiteTitle "k"]
[BlackTitle "k"]
[WhiteElo "2263"]
[BlackElo "2233"]

1. d4 d5 2. c4 dxc4 3. Nf3 Nf6 4. e3 a6 5. Bxc4 b5 6. Bb3 e6 7. a4 b4 8. O-O Bb7
9. Qe2 Nbd7 10. Nbd2 c5 11. a5 Be7 12. Rd1 Qc7 13. Nc4 O-O 14. Nfe5 Rfd8 15. Bd2
cxd4 16. exd4 Bd5 17. Ba4 Nxe5 18. Nxe5 Qb7 19. f3 Rac8 20. Rac1 Ne8 21. Qe1 b3
22. Nd3 Qa7 23. Nc5 Nd6 24. Be3 Nf5 25. Nxb3 Rb8 26. Nc5 Rxb2 27. Bf2 Bf6 28.
Bc2 g6 29. Qc3 Rbb8 30. Rb1 Nd6 31. Rxb8 Rxb8 32. Ne4 Be7 33. Nxd6 Bxd6 34. Rb1
Rxb1+ 35. Bxb1 Qb8 36. Bd3 Bxh2+ 37. Kf1 Bd6 38. Bxa6 Bb4 39. Qb2 Qd6 40. Bd3
Bxa5 41. Qc1 Qc7 42. Qb1 Bd2 43. Ke2 Bg5 44. g3 Qc6 45. Be4 Qc4+ 46. Bd3 Qc6 47.
Be4 Bxe4 48. fxe4 Qc3 49. Qd3 Qxd3+ 50. Kxd3 f5 51. e5 Kf7 52. Kc4 Bc1 53. Be1
h5 54. Bc3 f4 55. Be1 g5 56. gxf4 Bxf4 57. Kd3 h4 58. Ke4 h3 59. Kf3 g4+ 0-1

[Event "DRUZYNOWE MISTRZOSTWA POLSKI - II LIGA 2018"]
[Site "Jastrzebia Gora"]
[Date "1899-12-30"]
[Round "7.27"]
[White "Szadkowski, Krzysztof"]
[Black "Pazdziora, Michal"]
[Result "1-0"]
[WhiteTitle "k"]
[BlackTitle "k"]
[WhiteElo "2145"]
[BlackElo "2211"]

1. c4 c5 2. Nf3 Nf6 3. g3 Nc6 4. Bg2 d5 5. cxd5 Nxd5 6. O-O e5 7. Nc3 Nc7 8. d3
Be7 9. Be3 Be6 10. Rc1 Rc8 11. Nd2 Qd7 12. Qa4 O-O 13. Bxc6 bxc6 14. Nc4 Nd5 15.
Nxe5 Qb7 16. Nxd5 cxd5 17. d4 Qxb2 18. Rc2 Qb7 19. dxc5 Bf5 20. Rcc1 Qb2 21. Nc6
Bf6 22. Bd4 Qxe2 23. Bxf6 Bh3 24. Ne7+ Kh8 25. Qh4 Qf3 26. Qxh3 1-0

[Event "DRUZYNOWE MISTRZOSTWA POLSKI - II LIGA 2018"]
[Site "Jastrzebia Gora"]
[Date "1899-12-30"]
[Round "7.28"]
[White "Drozniak, Stanislaw"]
[Black "Kwiatkowski, Wiktor"]
[Result "1/2-1/2"]
[WhiteTitle "I++"]
[BlackTitle "I"]
[WhiteElo "2043"]
[BlackElo "1965"]

1. e4 c5 2. Nf3 d6 3. Bb5+ Bd7 4. Bxd7+ Qxd7 5. c4 Nc6 6. d4 cxd4 7. Nxd4 g6 8.
Nc3 Bg7 9. Be3 Nf6 10. f3 O-O 11. O-O Rfc8 12. b3 Qd8 13. Rc1 Qa5 14. Qd3 a6 15.
Nxc6 bxc6 16. Rfd1 Nd7 17. Na4 Rd8 18. Qe2 Rac8 19. c5 Nxc5 20. Nxc5 dxc5 21.
Rxd8+ Qxd8 22. Bxc5 Bd4+ 23. Bxd4 Qxd4+ 24. Qf2 Qd3 25. Qc2 Qd4+ 26. Qf2 Qd3 27.
Qc2 Qd4+ 1/2-1/2

[Event "DRUZYNOWE MISTRZOSTWA POLSKI - II LIGA 2018"]
[Site "Jastrzebia Gora"]
[Date "1899-12-30"]
[Round "7.29"]
[White "Leskiewicz, Ignacy"]
[Black "Koloczek, Maciej"]
[Result "1-0"]
[WhiteTitle "I++"]
[BlackTitle "I"]
[WhiteElo "1995"]
[BlackElo "1677"]

1. e4 c5 2. Nf3 g6 3. d4 cxd4 4. Nxd4 Nc6 5. c4 Nf6 6. Nc3 Nxd4 7. Qxd4 d6 8. b3
Bg7 9. Bb2 O-O 10. Be2 Be6 11. O-O Qa5 12. Rac1 Rfc8 13. Qe3 Nd7 14. Kh1 Qc5 15.
Qg3 f5 16. exf5 Qxf5 17. f4 Nc5 18. Qe3 a5 19. Bf3 Qd3 20. Rce1 Qxe3 21. Rxe3
Bf5 22. Rxe7 Re8 23. Rxg7+ Kxg7 24. Nd5+ Kf7 25. Nc7 Rac8 26. Nxe8 Rxe8 27. Bc3
b6 28. Rd1 Re3 29. Bd4 Re8 30. h3 Bc2 31. Rd2 Re1+ 32. Kh2 Bb1 33. Bf2 Rf1 34.
Kg3 Ke7 35. Bd4 h5 36. Re2+ Kd7 37. Bf6 Nd3 38. Re7+ Kc8 39. Re8+ Kd7 40. Re7+
Kc8 41. a3 Ne1 42. Bb7+ Kb8 43. Bd5 Nd3 44. Bg5 Nc5 45. b4 axb4 46. axb4 Na4 47.
Bc6 Bc2 48. b5 Bd3 49. Re8+ 1-0

[Event "DRUZYNOWE MISTRZOSTWA POLSKI - II LIGA 2018"]
[Site "Jastrzebia Gora"]
[Date "1899-12-30"]
[Round "7.30"]
[White "Buchta, Agnieszka"]
[Black "Pastuszko, Kinga"]
[Result "0-1"]
[WhiteTitle "I++"]
[BlackTitle "k+"]
[WhiteElo "1852"]
[BlackElo "1987"]

1. e4 e5 2. Nf3 Nc6 3. d4 exd4 4. Bc4 Nf6 5. e5 d5 6. Bb5 Ne4 7. Nxd4 Bd7 8. Bxc6
bxc6 9. O-O Bc5 10. f3 Ng5 11. f4 Ne4 12. Be3 Bb6 13. Nc3 Nxc3 14. bxc3 c5 15.
Nb3 c4 16. Nd4 c5 17. Nf3 Bf5 18. Qd2 h6 19. Rad1 Be4 20. Qf2 Rc8 21. Nd2 Bxc2
22. Nxc4 Bxd1 23. Nd6+ Ke7 24. Nxc8+ Qxc8 25. Rxd1 Rd8 26. f5 d4 27. f6+ Kf8 28.
fxg7+ Kg8 29. Rf1 Qe6 30. Bc1 dxc3 31. Be3 c4 32. Rc1 c2 33. Bxb6 Rd1+ 0-1

[Event "DRUZYNOWE MISTRZOSTWA POLSKI - II LIGA 2018"]
[Site "Jastrzebia Gora"]
[Date "1899-12-30"]
[Round "7.31"]
[White "Nowicki, Bartosz"]
[Black "Rudolf, Michal"]
[Result "0-1"]
[WhiteTitle "k++"]
[BlackTitle "FM"]
[WhiteElo "2275"]
[BlackElo "2352"]

1. e4 c6 2. d4 d5 3. e5 Bf5 4. Nd2 e6 5. Nb3 c5 6. dxc5 Bxc5 7. Nxc5 Qa5+ 8. c3
Qxc5 9. Be3 Qc7 10. Qa4+ Nd7 11. c4 Ne7 12. Rc1 d4 13. Bxd4 Nc6 14. Be3 Ndxe5
15. Qa3 O-O-O 16. Nf3 Nxf3+ 17. gxf3 Nd4 18. Bg2 Nc2+ 19. Rxc2 Bxc2 20. O-O a6
21. Qc3 Bd3 22. Rc1 e5 23. a4 Bf5 24. a5 Rd3 25. Qe1 Re8 26. b4 Re6 27. b5 Rg6
28. Kh1 Qd7 29. Qb4 Rd1+ 30. Bf1 Rxc1 31. Bxc1 Qd6 32. Qb3 Qd4 33. Qa3 Rd6 34.
Be2 Bh3 0-1

[Event "DRUZYNOWE MISTRZOSTWA POLSKI - II LIGA 2018"]
[Site "Jastrzebia Gora"]
[Date "1899-12-30"]
[Round "7.32"]
[White "Chalupnik, Marcin"]
[Black "Parol, Pawel"]
[Result "1/2-1/2"]
[WhiteTitle "k++"]
[BlackTitle "k"]
[WhiteElo "2188"]
[BlackElo "2157"]

1. e4 e6 2. d4 d5 3. Nc3 Bb4 4. e5 c5 5. a3 Bxc3+ 6. bxc3 Ne7 7. Nf3 h6 8. Be2
Qa5 9. Bd2 c4 10. O-O Nbc6 11. a4 Bd7 12. Bc1 O-O-O 13. Qd2 f5 14. h4 Kb8 15.
Ba3 Ka8 16. g3 Rh7 17. Kg2 g6 18. Ng1 Rdh8 19. Nh3 Rf7 20. f4 Rg7 21. Rfb1 Qd8
22. Bc5 Na5 23. Qc1 Rhg8 24. Bb4 Nec6 25. Bd6 Bc8 26. Bf3 Bd7 27. Be2 Bc8 28.
Bf3 Bd7 29. Be2 Rh7 30. Bf3 Rf7 31. Be2 Bc8 32. Bf3 Bd7 33. Be2 Bc8 34. Bf3 Rh7
35. Be2 Rhg7 1/2-1/2

[Event "DRUZYNOWE MISTRZOSTWA POLSKI - II LIGA 2018"]
[Site "Jastrzebia Gora"]
[Date "1899-12-30"]
[Round "7.33"]
[White "Smolka, Marcin"]
[Black "Warszawski, Bartosz"]
[Result "1/2-1/2"]
[WhiteTitle "k"]
[BlackTitle "m"]
[WhiteElo "2194"]
[BlackElo "2165"]

1. e4 c5 2. Nf3 e6 3. d4 cxd4 4. Nxd4 Nc6 5. Nc3 Qc7 6. Be2 a6 7. O-O Nf6 8. Be3
Bb4 9. Na4 Be7 10. c4 Nxe4 11. c5 O-O 12. Rc1 Rb8 13. g3 f5 14. Bf4 e5 15. Nxf5
exf4 16. Qd5+ Kh8 17. Nxe7 Nxe7 18. Qxe4 d5 19. cxd6 Qxd6 20. Rfd1 Qf6 21. Qxf4
Qxf4 22. gxf4 Ng6 23. Nb6 Nxf4 24. Rxc8 Rbxc8 25. Nxc8 Nxe2+ 26. Kf1 Rxc8 27.
Kxe2 h6 28. Rd2 Kh7 29. Kf3 Rc5 30. Rd6 Rb5 31. b3 1/2-1/2

[Event "DRUZYNOWE MISTRZOSTWA POLSKI - II LIGA 2018"]
[Site "Jastrzebia Gora"]
[Date "1899-12-30"]
[Round "7.34"]
[White "Kaim, Piotr"]
[Black "Rykala, Monika"]
[Result "1/2-1/2"]
[WhiteTitle "m"]
[BlackTitle "I++"]
[WhiteElo "2172"]
[BlackElo "1908"]

1. e4 c5 2. Nf3 d6 3. d4 cxd4 4. Nxd4 Nf6 5. Nc3 a6 6. Be3 e6 7. f4 Qc7 8. Qf3
b5 9. e5 Bb7 10. Qg3 dxe5 11. fxe5 Nfd7 12. O-O-O b4 13. Na4 Qa5 14. b3 Nc6 15.
Bc4 Qxe5 16. Bf4 Qf6 17. Bg5 Qe5 18. Bf4 Qf6 19. Bg5 Qe5 1/2-1/2

[Event "DRUZYNOWE MISTRZOSTWA POLSKI - II LIGA 2018"]
[Site "Jastrzebia Gora"]
[Date "1899-12-30"]
[Round "7.35"]
[White "Zychowicz, Marcin"]
[Black "Kasperkiewicz, Pawel"]
[Result "0-1"]
[WhiteTitle "II+"]
[BlackTitle "k"]
[WhiteElo "1863"]
[BlackElo "1917"]

1. e4 e6 2. d4 d5 3. Nc3 Nf6 4. Bg5 dxe4 5. Nxe4 Be7 6. Bxf6 gxf6 7. Nf3 b6 8.
Bd3 Bb7 9. Qe2 c6 10. a4 a6 11. O-O Nd7 12. Qe3 Qc7 13. a5 b5 14. c4 f5 15. Neg5
Rg8 16. Rfe1 Nf8 17. h4 Bxg5 18. hxg5 bxc4 19. Bxc4 h6 20. gxh6 O-O-O 21. Qd3
Ng6 22. Bxa6 Nf4 23. Bxb7+ Qxb7 24. Qd2 Nxg2 25. a6 Nxe1+ 26. Kf1 Qb3 27. a7 Kb7
28. Nxe1 Qb5+ 29. Qe2 Rg1+ 30. Kxg1 Qxe2 31. Ng2 Qh5 0-1

[Event "DRUZYNOWE MISTRZOSTWA POLSKI - II LIGA 2018"]
[Site "Jastrzebia Gora"]
[Date "1899-12-30"]
[Round "7.36"]
[White "Bednarska-bzdega, Malgorzata"]
[Black "Parol, Pola"]
[Result "1-0"]
[WhiteTitle "WFM"]
[BlackTitle "WFM"]
[WhiteElo "1991"]
[BlackElo "2108"]

1. e4 c5 2. Nf3 d6 3. d4 cxd4 4. Nxd4 Nf6 5. Nc3 a6 6. Bc4 e6 7. Bb3 Nbd7 8. f4
Nc5 9. e5 dxe5 10. fxe5 Nfd7 11. Nf3 Be7 12. O-O O-O 13. Qe1 f5 14. Be3 Qc7 15.
Bd4 b5 16. Qf2 Bb7 17. Kh1 Nxb3 18. axb3 b4 19. Na4 Bxf3 20. gxf3 Nxe5 21. Qe2
Bd6 22. Rae1 Nf7 23. Qxe6 Bxh2 24. Nb6 Rad8 25. Nd5 Qd6 26. Ne7+ Kh8 27. Bxg7+
Kxg7 28. Nxf5+ Kh8 29. Nxd6 Rxd6 30. Qe7 Rg8 31. Re6 Be5 32. Rxd6 Bxd6 33. Qxf7
Rg6 34. Re1 Rh6+ 35. Kg2 Rh2+ 36. Kg1 1-0

[Event "DRUZYNOWE MISTRZOSTWA POLSKI - II LIGA 2018"]
[Site "Jastrzebia Gora"]
[Date "1899-12-30"]
[Round "7.37"]
[White "Zaskalski, Arkadiusz"]
[Black "Krzywda, Andrzej"]
[Result "0-1"]
[WhiteTitle "k"]
[BlackTitle "CM"]
[WhiteElo "2186"]
[BlackElo "2232"]

1. c4 Nf6 2. Nf3 e6 3. g3 d5 4. Bg2 dxc4 5. Qa4+ Nbd7 6. Qxc4 a6 7. d4 b5 8. Qc2
Bb7 9. O-O c5 10. a4 Rc8 11. axb5 axb5 12. Qb3 Qb6 13. Nc3 cxd4 14. Nxb5 Nc5 15.
Qb4 Nd5 16. Qc4 Be7 17. Nbxd4 Ba6 18. Qc2 O-O 19. Bd2 Bf6 20. Bc3 Nb4 21. Bxb4
Qxb4 22. Qc3 Qb6 23. b4 Ne4 24. Qa3 Bc4 25. Qa7 Qxa7 26. Rxa7 Rfd8 27. Rc1 Bxd4
28. Nxd4 Rxd4 29. e3 Nc3 30. Bf1 Bd5 31. Rxc3 Rxc3 32. exd4 Rc1 33. Ra5 g5 34.
Rc5 Rb1 35. Rc3 Rxb4 36. f3 Rxd4 37. Kf2 Rb4 38. Bd3 Kg7 39. Rc2 h6 40. Rd2 Ra4
41. Be2 Kf6 42. Ke3 Ra3+ 43. Kf2 Ke5 44. Rc2 Kf6 45. Rb2 Rc3 46. Rd2 Ke7 47. Bd1
f6 48. Rc2 Ra3 49. Be2 Kd6 50. Rd2 Kc5 51. Rc2+ Kd6 52. Rd2 Ke5 53. Rb2 f5 54.
Rd2 Rc3 55. Rb2 Rc1 56. Rd2 Ra1 57. Bd1 Rc1 58. Be2 Kf6 59. Bb5 Rb1 60. Be2 Ra1
61. Bd1 Ke5 62. Be2 h5 63. Bd1 Rc1 64. Be2 Rb1 65. Bd3 Rb4 66. Bf1 Rb1 67. Bd3
Rc1 68. Be2 Kd6 69. Bd3 Rc3 70. Be2 Kc5 71. Bd1 Ra3 72. Be2 Ra1 73. Bd1 Kb4 74.
Be2 Kc3 75. Rd3+ Kc2 76. Rd4 g4 77. fxg4 hxg4 78. Bf1 Kc3 79. Rd3+ Kb4 80. Rd2
Kc5 81. Rc2+ Kd4 82. Rd2+ Ke5 83. Rb2 Kf6 84. Rd2 Ra3 85. Be2 Ra7 86. Bf1 Rh7
87. Ke3 Rh8 88. Rb2 Ke5 89. Rd2 Rf8 90. Be2 Rb8 91. Kf2 Be4 92. Ra2 Rb4 93. Bf1
Rb1 94. Ra5+ Bd5 95. Ra3 Rb2+ 96. Kg1 Rb1 97. Kf2 Kf6 98. Ra5 Rb2+ 99. Kg1 Be4
100. Rb5 Rd2 101. Rb6 Rc2 102. Rb8 Ra2 103. Rb6 Ra1 104. Kf2 Rc1 105. Rb8 Ke5
106. Rb5+ Bd5 107. Ra5 Rc2+ 108. Kg1 Rb2 109. Ra4 Rb3 110. Ra5 Kd4 111. Ra4+ Ke3
112. Ra5 Rc3 113. Ra1 Kd2 114. Rb1 Rc1 115. Rxc1 Kxc1 116. h4 gxh3 117. Bxh3 Kd2
118. Kf2 Be4 119. g4 f4 120. g5 e5 121. Be6 Bg6 122. Kf3 Kd3 123. Bd7 Kd4 124.
Be6 Bh5+ 125. Bg4 e4+ 126. Kxf4 Bxg4 127. Kxg4 e3 128. Kf3 Kd3 129. g6 e2 0-1

[Event "DRUZYNOWE MISTRZOSTWA POLSKI - II LIGA 2018"]
[Site "Jastrzebia Gora"]
[Date "1899-12-30"]
[Round "7.38"]
[White "Szymanski, Piotr"]
[Black "Jaskolka, Tomasz"]
[Result "1/2-1/2"]
[WhiteTitle "CM"]
[BlackTitle "k+"]
[WhiteElo "2242"]
[BlackElo "2177"]

1. d4 e6 2. Nf3 f5 3. g3 Nf6 4. Bg2 Be7 5. O-O O-O 6. c4 d6 7. Nc3 Qe8 8. b3 Nbd7
9. Bb2 Qh5 10. e3 Rf7 11. b4 g5 12. Nd2 Qg6 13. f4 Ng4 14. Qe2 h5 15. e4 gxf4
16. Rxf4 c6 17. exf5 exf5 18. Nf3 Qg7 19. Nd1 Nf8 20. d5 Bf6 21. Bxf6 Qxf6 22.
Qb2 Ng6 23. Qxf6 Nxf6 24. Rd4 cxd5 25. cxd5 Bd7 26. Ne3 Re7 27. Nc4 Rc8 28. Nxd6
Rc2 29. Rd2 Rxd2 30. Nxd2 Re2 31. Nf3 b6 32. Nd4 Rd2 33. N6xf5 Bxf5 34. Nxf5 Nxd5
35. a3 Kf7 36. Rf1 Nf6 37. Rc1 Ne5 38. Ne3 Rd3 39. Nc4 Nxc4 40. Rxc4 Rd2 41. Rc1
1/2-1/2

[Event "DRUZYNOWE MISTRZOSTWA POLSKI - II LIGA 2018"]
[Site "Jastrzebia Gora"]
[Date "1899-12-30"]
[Round "7.39"]
[White "Markiewicz, Jerzy"]
[Black "Zgadzaj, Rafal"]
[Result "1/2-1/2"]
[WhiteTitle "FM"]
[BlackTitle "k"]
[WhiteElo "2170"]
[BlackElo "2154"]

1. e4 c5 2. Nf3 Nc6 3. d4 cxd4 4. Nxd4 d6 5. g3 Nf6 6. Bg2 g6 7. Nc3 Bg7 8. Nde2
O-O 9. O-O Be6 10. h3 Rc8 11. Be3 Qa5 12. Nd5 Bxd5 13. exd5 Nb4 14. Nc3 Rxc3 15.
bxc3 Nbxd5 16. Bd2 Qc5 17. Rb1 b6 18. Qe2 Rc8 19. Rb5 Nxc3 20. Bxc3 Qxc3 21. Qxe7
Qa3 22. Rd1 Qxa2 23. Rxd6 Qa1+ 24. Bf1 Re8 25. Rd8 Rxd8 26. Qxd8+ Bf8 27. Rb4
Kg7 28. Rf4 Bc5 29. Qc7 a5 30. Kg2 Qe1 31. Bc4 Qe7 32. Qc6 Qd6 33. Qb5 Qe5 34.
Qb3 Qe7 35. Qb5 Qb7+ 36. Kg1 h6 37. Qb2 Qe7 38. Qa2 Qd7 39. Qb2 Qd6 40. Rf3 Qe7
41. Kg2 a4 42. g4 a3 43. Qc3 g5 44. Bb3 Qd6 45. Qc4 Qe7 46. Qd3 Bd6 47. Ba2 Qe5
48. Qc4 Qe7 49. Rf5 Qb7+ 50. Kg1 Qe7 51. Qd4 Bc5 52. Qc4 Qd7 53. Qc3 Qe7 1/2-1/2